header

Becoming Muslim (Record no. 93599)

MARC details
000 -LEADER
fixed length control field 01341nam a2200337Ia 4500
082 04 - DEWEY DECIMAL CLASSIFICATION NUMBER
Classification number 297.574082091821
100 1# - MAIN ENTRY--AUTHOR NAME
Personal name Mansson McGinty, Anna.
245 10 - TITLE STATEMENT
Title Becoming Muslim
260 ## - PUBLICATION, DISTRIBUTION, ETC. (IMPRINT)
Place of publication Basingstoke :
Name of publisher Palgrave Macmillan,
Year of publication 2006.
300 ## - PHYSICAL DESCRIPTION
Number of Pages 208 p.
650 #0 - SUBJECT ADDED ENTRY--TOPICAL TERM
Topical Term Muslim converts from Christianity
Topical Term Muslim women
Topical Term Women in Islam
Topical Term Sex role
856 40 - ELECTRONIC LOCATION AND ACCESS
Uniform Resource Identifier http://site.ebrary.com/lib/rucke/Doc?id=10156434

No items available.

© 2026 Rongo University
Contact us: librarian | system librarian | Rongo university